[Event "23rd OIBM 2019"]
[Site "Gmund am Tegernsee"]
[Date "2019.11.01"]
[Round "7.35"]
[White "Renner, Kai"]
[Black "Guttenthaler, Franz"]
[Result "1/2-1/2"]
[WhiteElo "2153"]
[BlackElo "2328"]
[Annotator "TA"]
[PlyCount "33"]
[EventDate "2019.10.17"]
[EventType "swiss"]
[EventCountry "GER"]
[SourceTitle "playchess.com"]
[Source "ChessBase"]
[SourceQuality "1"]

{[%evp 9,33,49,56,40,51,56,47,55,40,37,48,50,65,43,94,92,110,107,141,134,129,133,131,134,158,56]} 1. e4 e6 2. d4 d5 3. Nd2 f5 4. exf5 exf5 5. Bd3 Nf6 6. Ndf3 {C03: French Tarrasch: Unusual Black 3rd moves} Bd6 7. Ne2 O-O (7... c6 8. Bf4 O-O 9. O-O Qc7 10. Bxd6 Qxd6 11. Qd2 Ne4 12. Qf4 Qb4 13. a3 Qe7 {1-0 (92) Bezgodov,A (2482)-Akbaev,K (2475) Khanty-Mansiysk 2013}) 8. O-O {White is slightly better.} Ne4 9. c4 dxc4 10. Bxc4+ Kh8 11. Nc3 Nxc3 ({Black should play} 11... Nc6 $14) 12. bxc3 $16 Qf6 $146 ({Predecessor:} 12... h6 13. Ne5 Qf6 {0-1 (38) Pelto,J (2080)-Levomaki,R Finland 2017}) 13. Ng5 Qg6 {[#]} 14. Qb3 $1 {Threatens to win with Nf7+.} h6 15. Nf7+ Kh7 16. Nxd6 cxd6 17. Qd1 {Accuracy: White = 53%, Black = 53%.} (17. Re1 $16) 1/2-1/2

[Event "23rd OIBM 2019"]
[Site "Gmund am Tegernsee"]
[Date "2019.11.01"]
[Round "7.36"]
[White "Ramaraju, N."]
[Black "Nasshan, Dennis"]
[Result "0-1"]
[WhiteElo "2139"]
[BlackElo "2306"]
[Annotator "NA"]
[PlyCount "46"]
[EventDate "2019.10.17"]
[EventType "swiss"]
[EventCountry "GER"]
[SourceTitle "playchess.com"]
[Source "ChessBase"]
[SourceQuality "1"]
[TimeControl "40/5400+30:1800+30"]

1. d4 {[%emt 0:00:00]} Nf6 {[%emt 0:00:00]} 2. c4 {[%emt 0:01:07]} e6 {[%emt 0:00:00]} 3. Nc3 {[%emt 0:01:05]} d5 {[%emt 0:00:00]} 4. cxd5 {[%emt 0:00:34]} exd5 {[%emt 0:00:00]} 5. Bg5 {[%emt 0:00:02]} Be7 {[%emt 0:00:09]} 6. e3 {[%emt 0:00:04]} c6 {[%emt 0:00:01]} 7. Bd3 {[%emt 0:00:36]} Nbd7 {[%emt 0:00:02]} 8. Qc2 {[%emt 0:00:36]} h6 {[%emt 0:00:01]} 9. Bh4 {[%emt 0:00:01]} Nh5 {[%emt 0:00:10]} 10. Bxe7 {[%emt 0:00:23]} Qxe7 {[%emt 0:00:03]} 11. Nge2 {[%emt 0:00:16]} Nb6 {[%emt 0:00:03]} 12. O-O {[%emt 0:01:00]} O-O {[%emt 0:00:38]} 13. Ng3 {[%emt 0:00:58]} Nxg3 {[%emt 0:02:28]} 14. hxg3 {[%emt 0:00:02]} Bd7 {[%emt 0:00:35]} 15. a3 {[%emt 0:05:24]} a5 {[%emt 0:00:18]} 16. Qb3 {[%emt 0:00:56]} Qd8 {[%emt 0:01:53]} 17. Na4 {[%emt 0:00:01]} Nxa4 {[%emt 0:01:59]} 18. Qxa4 {[%emt 0:00:02]} h5 {[%emt 0:03:58]} 19. Qd1 {[%emt 0:04:10]} g6 {[%emt 0:01:00]} 20. Qf3 {[%emt 0:00:13]} Bg4 {[%emt 0:01:10]} 21. Qf4 {[%emt 0:23:41]} g5 {[%emt 0:00:21]} 22. Qxg4 {[%emt 0:00:04]} hxg4 {[%emt 0:00:02]} 23. Bf5 {[%emt 0:00:01]} Kg7 0-1

[Event "23rd OIBM 2019"]
[Site "Gmund am Tegernsee"]
[Date "2019.11.01"]
[Round "7.37"]
[White "Seifert, Volker"]
[Black "Kastek, Thomas"]
[Result "1/2-1/2"]
[WhiteElo "2300"]
[BlackElo "2129"]
[Annotator "RC"]
[PlyCount "115"]
[EventDate "2019.10.17"]
[EventType "swiss"]
[EventCountry "GER"]
[SourceTitle "playchess.com"]
[Source "ChessBase"]
[SourceQuality "1"]
[TimeControl "40/5400+30:1800+30"]

1. d4 {[%emt 0:00:00]} Nf6 {[%emt 0:00:00]} 2. c4 {[%emt 0:00:00]} e6 {[%emt 0:00:00]} 3. Nc3 {[%emt 0:00:08]} Bb4 {[%emt 0:00:00]} 4. Qc2 {[%emt 0:01:18]} O-O {[%emt 0:00:27]} 5. a3 {[%emt 0:01:49]} Bxc3+ {[%emt 0:00:15]} 6. Qxc3 {[%emt 0:00:04]} d5 {[%emt 0:00:10]} 7. Bg5 {[%emt 0:01:57]} dxc4 {[%emt 0:00:40]} 8. Qxc4 {[%emt 0:04:09]} b6 {[%emt 0:00:11]} 9. Nf3 {[%emt 0:00:50]} Ba6 {[%emt 0:00:20]} 10. Qa4 {[%emt 0:06:08]} Qd7 {[%emt 0:06:03]} 11. Qxd7 {[%emt 0:04:55]} Nbxd7 {[%emt 0:00:23]} 12. e3 {[%emt 0:03:01]} Bxf1 {[%emt 0:02:07]} 13. Rxf1 {[%emt 0:00:14]} c5 {[%emt 0:05:35]} 14. Bxf6 {[%emt 0:04:05]} gxf6 {[%emt 0:03:28]} 15. Ke2 {[%emt 0:01:33]} Rac8 {[%emt 0:07:23]} 16. Rac1 {[%emt 0:03:02]} Kg7 {[%emt 0:07:44]} 17. Rfd1 {[%emt 0:04:33]} cxd4 {[%emt 0:14:19]} 18. Nxd4 {[%emt 0:01:34]} Nc5 {[%emt 0:01:53]} 19. Rc2 {[%emt 0:03:36]} Ne4 {[%emt 0:07:14]} 20. Rxc8 {[%emt 0:19:15]} Rxc8 {[%emt 0:00:21]} 21. f3 {[%emt 0:00:06]} Nc5 {[%emt 0:02:55]} 22. Rc1 {[%emt 0:00:14]} Rc7 {[%emt 0:15:38]} 23. b4 {[%emt 0:04:54]} Na6 {[%emt 0:00:14]} 24. Rd1 {[%emt 0:00:14]} Nb8 {[%emt 0:07:06]} 25. b5 {[%emt 0:02:16]} Kf8 {[%emt 0:04:31]} 26. Nxe6+ {[%emt 0:05:26]} fxe6 {[%emt 0:00:08]} 27. Rd8+ {[%emt 0:00:04]} Ke7 {[%emt 0:00:28]} 28. Rxb8 {[%emt 0:00:04]} Kd6 {[%emt 0:00:39]} 29. Rd8+ {[%emt 0:08:57]} Kc5 {[%emt 0:01:28]} 30. a4 {[%emt 0:01:26]} e5 {[%emt 0:04:31]} 31. Rg8 {[%emt 0:00:59]} h5 {[%emt 0:03:08]} 32. g4 {[%emt 0:02:02]} Kb4 {[%emt 0:00:40]} 33. h4 {[%emt 0:08:54]} Kxa4 {[%emt 0:01:05]} 34. g5 {[%emt 0:00:13]} Kxb5 {[%emt 0:02:18]} 35. Re8 {[%emt 0:01:41]} Rf7 {[%emt 0:02:17]} 36. Re6 {[%emt 0:02:22]} a5 {[%emt 0:01:27]} 37. Rxf6 {[%emt 0:00:56]} Re7 {[%emt 0:00:09]} 38. g6 {[%emt 0:02:09]} Rg7 {[%emt 0:00:52]} 39. f4 {[%emt 0:01:27]} a4 {[%emt 0:00:24]} 40. f5 {[%emt 0:01:18]} a3 {[%emt 0:00:13]} 41. Rd6 {[%emt 0:03:39]} a2 {[%emt 0:04:31]} 42. Rd1 {[%emt 0:00:04]} Kc4 {[%emt 0:00:35]} 43. Rf1 {[%emt 0:04:23]} e4 {[%emt 0:06:23]} 44. Kd2 {[%emt 0:09:58]} Kb3 {[%emt 0:01:00]} 45. Ra1 {[%emt 0:01:22]} b5 {[%emt 0:15:39]} 46. Rxa2 {[%emt 0:00:12]} Kxa2 {[%emt 0:00:06]} 47. Kc3 {[%emt 0:00:03]} Ka3 {[%emt 0:00:13]} 48. Kd4 {[%emt 0:00:06]} b4 {[%emt 0:00:23]} 49. Ke5 {[%emt 0:00:04]} b3 {[%emt 0:00:21]} 50. f6 {[%emt 0:00:55]} Rxg6 {[%emt 0:02:33]} 51. f7 {[%emt 0:00:03]} Ra6 {[%emt 0:01:59]} 52. f8=Q+ {[%emt 0:00:06]} Ka2 {[%emt 0:00:17]} 53. Qb4 {[%emt 0:03:03]} Ra3 {[%emt 0:00:55]} 54. Qc4 {[%emt 0:02:24]} Ka1 {[%emt 0:00:29]} 55. Qc3+ {[%emt 0:02:32]} Ka2 {[%emt 0:00:08]} 56. Qc4 {[%emt 0:00:10]} Ka1 {[%emt 0:00:10]} 57. Qc1+ {[%emt 0:01:10]} Ka2 {[%emt 0:00:13]} 58. Qc4 1/2-1/2

[Event "23rd OIBM 2019"]
[Site "Gmund am Tegernsee"]
[Date "2019.11.01"]
[Round "7.38"]
[White "Tillmann, Markus"]
[Black "Wacker, Peter"]
[Result "1/2-1/2"]
[WhiteElo "2136"]
[BlackElo "2295"]
[Annotator "TA"]
[PlyCount "193"]
[EventDate "2019.10.17"]
[EventType "swiss"]
[EventCountry "GER"]
[SourceTitle "playchess.com"]
[Source "ChessBase"]
[SourceQuality "1"]

{[%evp 9,193,24,50,36,44,0,21,8,12,10,15,14,16,0,0,0,32,50,70,58,64,63,76,75,82,81,79,88,85,82,81,92,99,94,95,89,83,0,0,0,0,0,15,0,0,0,0,2,0,7,7,0,0,0,0,0,0,0,0,0,0,0,25,6,91,0,0,0,0,-9,0,-25,-21,-52,-12,-17,-17,-37,-16,-14,-15,-16,-15,-25,-25,-25,-18,-23,-21,-38,-12,-16,-12,-14,0,-30,-30,-38,-30,-55,-44,-43,-40,-84,0,-51,-16,-167,-50,-126,-58,-59,-60,-72,-29,-58,-58,-57,-22,-95,-8,-8,-8,-33,-27,-56,-22,-22,-22,-88,-22,-23,0,-88,-28,-28,-28,-29,-29,-29,-29,-88,0,-36,-8,-8,-8,-8,-8,-8,-8,-8,0,-8,-8,-8,-8,-8,-8,-8,0,-520,-8,-520,-8,-72,-8,-8,-8,-8,-8,-8,-8,-8,-8,-8,-8,-8,-8,-8,-8,-8,-8,-8,-8,-8]} 1. d4 Nf6 2. c4 e6 3. Nc3 Bb4 4. Qc2 d6 5. Nf3 c5 (5... Nbd7 6. g3 b6 7. Bg2 Bb7 8. O-O O-O 9. Rd1 Bxc3 10. Qxc3 a6 11. b3 b5 12. c5 Be4 13. Qa5 Nb8 14. Bg5 {½-½ (31) Wojtaszek,R (2727)-Sargissian,G (2691) Batumi 2018}) 6. dxc5 {E32: Nimzo-Indian: Classical (4 Qc2): 4...0-0} dxc5 7. e3 O-O 8. Bd3 Nc6 9. O-O Bxc3 10. Qxc3 e5 11. Bc2 $146 ({Predecessor:} 11. Nd2 Qe7 12. Ne4 Bf5 13. Nxf6+ Qxf6 {0-1 (21) Averbakh,Y-Kholmov,R Riga 1970}) 11... e4 12. Ne5 Qd6 13. Nxc6 Qxc6 14. b3 Rd8 15. Bb2 Bg4 16. h3 Bh5 17. g4 Bg6 18. Rad1 Ne8 19. Rd2 h5 20. Rfd1 Rxd2 21. Qxd2 hxg4 22. hxg4 Nf6 23. Qd6 (23. Bxf6 $1 $16 Qxf6 24. Qd7) 23... Qxd6 $11 24. Rxd6 Nxg4 25. Rd7 b6 26. a3 Nf6 27. Rb7 Rd8 28. Bc3 Rd7 29. Rb8+ $1 Kh7 30. b4 cxb4 31. axb4 Rc7 32. Bb3 $1 Ng4 33. Bd4 f6 34. c5 bxc5 $1 35. bxc5 Bf7 36. Bc2 Bg6 (36... Bd5 $1 $11) 37. Kg2 (37. Ba4 $1 $16) 37... Ne5 38. Rb5 Nd3 {...Ne1+ is the strong threat.} 39. Kg3 Kh6 40. Bxd3 exd3 {[%mdl 4096] Endgame KRB-KRB} 41. Rb2 Be8 42. e4 Ba4 43. Kf4 a6 44. Ke3 Bb5 45. f3 Kg6 46. Kf4 Kf7 47. Ke3 Rc8 48. Rh2 Ke6 49. Kd2 Rb8 50. Bc3 Bc4 51. Ke3 Rb3 52. Kd4 Bb5 53. f4 Ra3 54. Bb2 Ra4+ 55. Ke3 Ra2 56. Rd2 Ra4 (56... g5 $17) 57. Bd4 ({Better is} 57. Rh2 $11) 57... Rb4 58. e5 $2 (58. f5+ $11 Kf7 59. Bc3) 58... Rb1 (58... fxe5 $19 59. Bxe5 g5 $1 {[%mdl 512]}) 59. Rg2 (59. exf6 $15 gxf6 60. f5+ Ke7 61. Rf2) 59... Kf5 (59... Re1+ $17 60. Kd2 Re4 61. exf6 gxf6 62. f5+ {[%mdl 64] Decoy} Kxf5 63. Rf2+ Kg4) 60. Bc3 $15 Rc1 61. Kd4 g6 62. exf6 Kxf6 63. Bb2 Re1 64. Bc3 (64. Kd5+ $11 Ke7 65. c6) 64... Re8 (64... Re2 $17 65. Rxe2 dxe2) 65. Kd5+ $11 Kf7 66. Ba5 Re6 {Threatens to win with ...Bc6+.} 67. Rf2 Re2 68. Rxe2 dxe2 {KB-KB} 69. Ke5 (69. c6 $11) 69... Bd3 (69... Ke7 $17) 70. Bb4 Bb5 71. Bc3 (71. Ba5 $11) 71... Bd7 (71... Ke7 $17) 72. Kd6 Bf5 73. Ke5 Bg4 74. Kd6 Bf3 75. Ke5 (75. Kd7 $11 {keeps the balance.}) 75... Bg4 (75... Ke7 $17) 76. Kd6 $15 Kg8 77. Ke7 Kh7 78. Kf6 $1 Kh6 79. Bd2 $1 Kh5 (79... Bf5 $5) 80. c6 Bc8 81. c7 Bf5 82. Kg7 Kg4 83. c8=Q Bxc8 84. Kxg6 Kf3 {next ...Ke4 is good for Black.} 85. Kf6 $2 {[%mdl 8192]} (85. f5 $11 {and White stays safe.}) 85... Ke4 $2 (85... Kf2 $19 86. Bb4 Bg4) 86. Ke7 $2 {[%mdl 8192]} (86. Kg5 $11) 86... Kd5 $2 ({Black should play} 86... Kd3 $19 87. Be1 Kc4) 87. Kd8 {[#]} (87. Kf6 $11) 87... Bg4 (87... Bh3 $1 $17 {Black wants to play ...Kd6.} 88. Ke7 Bc8) 88. Ke7 $11 {The position is equal.} Bh3 {Hoping for ...Be6.} 89. Kf6 Kd4 {White must now prevent ...Bc8.} 90. Be1 Kd3 {With the idea ...Ke4.} (90... Bd7 {keeps more tension.} 91. Kg5 Ke4 92. Bc3 Kd3 93. Ba5 Kc2) 91. Ke5 Bg2 92. f5 Kc4 93. Kf4 Kd4 94. Kg3 Bd5 95. Kf2 Bc4 96. f6 Kd3 97. Ba5 {Accuracy: White = 50%, Black = 38%.} 1/2-1/2

[Event "23rd OIBM 2019"]
[Site "Gmund am Tegernsee"]
[Date "2019.11.01"]
[Round "7.39"]
[White "Pollmann, Sascha"]
[Black "Santagati, Alessandro"]
[Result "0-1"]
[WhiteElo "2126"]
[BlackElo "2288"]
[Annotator "TA"]
[PlyCount "32"]
[EventDate "2019.10.17"]
[EventType "swiss"]
[EventCountry "GER"]
[SourceTitle "playchess.com"]
[Source "ChessBase"]
[SourceQuality "1"]

{[%evp 19,56,13,24,0,0,0,-6,-13,11,-21,-5,-44,-33,-32,-39,-113,-106,-102,-108,-153,-146,-140,-112,-121,-107,-100,-83,-145,-137,-178,-126,-131,-125,-506,-501,-517,-501,-508,-239]} 1. Nf3 d5 2. g3 Nf6 3. Bg2 e6 4. O-O Be7 5. d4 O-O 6. c4 dxc4 7. Qc2 a6 8. a4 c5 9. dxc5 Bxc5 10. Qxc4 Nbd7 11. Bg5 $146 {E05: Open Catalan: 5 Nf3 Be7} ({Predecessor:} 11. Nc3 b5 12. Qh4 Bb7 13. axb5 axb5 14. Rxa8 Qxa8 15. Nxb5 Ne5 16. Nxe5 Bxg2 17. Rd1 Bh1 18. Qh3 Qb8 19. Kxh1 Qxe5 {½-½ (19) Gledura,B (2621)-Bruzon Batista,L (2653) Saint Louis 2018}) 11... b5 12. Qc2 Bb7 13. axb5 {The position is equal.} Qc7 14. Nc3 axb5 {Strongly threatening ...b4.} 15. Bxf6 {Hoping for Bh4.} Nxf6 16. e3 {[#]} Rxa1 {Played: Bc5xe3} 0-1

[Event "23rd OIBM 2019"]
[Site "Gmund am Tegernsee"]
[Date "2019.11.01"]
[Round "7.40"]
[White "Kaiser, Elmar"]
[Black "Koelle, Tobias"]
[Result "1/2-1/2"]
[WhiteElo "2131"]
[BlackElo "2281"]
[Annotator "RC"]
[PlyCount "202"]
[EventDate "2019.10.17"]
[EventType "swiss"]
[EventCountry "GER"]
[SourceTitle "playchess.com"]
[Source "ChessBase"]
[SourceQuality "1"]
[TimeControl "40/5400+30:1800+30"]

1. e4 {[%emt 0:00:46]} e5 {[%emt 0:00:00]} 2. Nf3 {[%emt 0:00:18]} Nc6 {[%emt 0:00:00]} 3. Bb5 {[%emt 0:00:19]} a6 {[%emt 0:00:00]} 4. Ba4 {[%emt 0:00:22]} Nf6 {[%emt 0:00:00]} 5. O-O {[%emt 0:00:13]} Nxe4 {[%emt 0:00:31]} 6. d4 {[%emt 0:00:51]} b5 {[%emt 0:00:07]} 7. Bb3 {[%emt 0:00:07]} d5 {[%emt 0:00:04]} 8. dxe5 {[%emt 0:00:17]} Be6 {[%emt 0:00:07]} 9. Nbd2 {[%emt 0:03:18]} Be7 {[%emt 0:01:30]} 10. c3 {[%emt 0:00:31]} O-O {[%emt 0:00:20]} 11. Qe2 {[%emt 0:09:28]} Nxd2 {[%emt 0:03:30]} 12. Bxd2 {[%emt 0:00:55]} Na5 {[%emt 0:13:37]} 13. Nd4 {[%emt 0:04:44]} Nxb3 {[%emt 0:07:13]} 14. Nc6 {[%emt 0:03:26]} Qd7 {[%emt 0:00:31]} 15. Nxe7+ {[%emt 0:00:07]} Qxe7 {[%emt 0:00:06]} 16. axb3 {[%emt 0:00:03]} c5 {[%emt 0:02:11]} 17. Qh5 {[%emt 0:10:12]} Qd7 {[%emt 0:09:09]} 18. h3 {[%emt 0:04:53]} d4 {[%emt 0:08:42]} 19. b4 {[%emt 0:10:43]} cxb4 {[%emt 0:00:41]} 20. cxb4 {[%emt 0:00:21]} Rfc8 {[%emt 0:01:52]} 21. Rfc1 {[%emt 0:02:45]} Rc4 {[%emt 0:01:39]} 22. Qf3 {[%emt 0:01:14]} Bd5 {[%emt 0:08:34]} 23. Qg3 {[%emt 0:00:47]} Qe6 {[%emt 0:08:05]} 24. b3 {[%emt 0:12:59]} Rxc1+ {[%emt 0:00:40]} 25. Rxc1 {[%emt 0:00:06]} Bxb3 {[%emt 0:01:35]} 26. Rc5 {[%emt 0:02:46]} Bc4 {[%emt 0:05:21]} 27. Qg4 {[%emt 0:05:05]} Qxg4 {[%emt 0:01:46]} 28. hxg4 {[%emt 0:01:46]} h6 {[%emt 0:00:21]} 29. f4 {[%emt 0:04:48]} Be2 {[%emt 0:01:09]} 30. Kf2 {[%emt 0:03:23]} Bxg4 {[%emt 0:00:20]} 31. Rd5 {[%emt 0:00:18]} Rc8 {[%emt 0:02:54]} 32. Rxd4 {[%emt 0:00:17]} Rc2 {[%emt 0:03:20]} 33. Ke3 {[%emt 0:05:27]} Bf5 {[%emt 0:01:26]} 34. Rd6 {[%emt 0:00:54]} Ra2 {[%emt 0:00:40]} 35. Rc6 {[%emt 0:00:16]} Ra1 {[%emt 0:01:06]} 36. Rc1 {[%emt 0:00:23]} Ra3+ {[%emt 0:00:36]} 37. Rc3 {[%emt 0:00:14]} Ra2 {[%emt 0:00:43]} 38. g3 {[%emt 0:03:20]} Kh7 {[%emt 0:02:08]} 39. Rc6 {[%emt 0:01:08]} Be6 {[%emt 0:02:12]} 40. Rc1 {[%emt 0:00:36]} Kg6 {[%emt 0:00:21]} 41. Bc3 {[%emt 0:09:45]} h5 {[%emt 0:03:35]} 42. Ra1 {[%emt 0:01:40]} Rxa1 {[%emt 0:01:00]} 43. Bxa1 {[%emt 0:01:08]} Kf5 {[%emt 0:00:07]} 44. Bc3 {[%emt 0:00:19]} Kg4 {[%emt 0:01:38]} 45. Be1 {[%emt 0:09:28]} Bd5 {[%emt 0:00:34]} 46. Bf2 {[%emt 0:00:52]} Bb7 {[%emt 0:01:29]} 47. Be1 {[%emt 0:00:11]} g6 {[%emt 0:00:12]} 48. Kf2 {[%emt 0:01:34]} h4 {[%emt 0:00:10]} 49. gxh4 {[%emt 0:01:36]} Kxf4 {[%emt 0:00:07]} 50. Bc3 {[%emt 0:01:28]} Kg4 {[%emt 0:00:28]} 51. Bd4 {[%emt 0:04:24]} Kxh4 {[%emt 0:00:19]} 52. Bb6 {[%emt 0:00:21]} Kg4 {[%emt 0:00:21]} 53. Bc7 {[%emt 0:02:28]} Bd5 {[%emt 0:00:21]} 54. Bd8 {[%emt 0:01:03]} Kf4 {[%emt 0:00:15]} 55. Bc7 {[%emt 0:00:06]} Be6 {[%emt 0:00:08]} 56. Bd6 {[%emt 0:01:12]} g5 {[%emt 0:00:06]} 57. Bc7 {[%emt 0:00:22]} g4 {[%emt 0:00:04]} 58. Bd6 {[%emt 0:00:50]} g3+ {[%emt 0:12:45]} 59. Kg2 {[%emt 0:00:47]} Bd5+ {[%emt 0:00:53]} 60. Kg1 {[%emt 0:00:10]} Kf3 {[%emt 0:00:28]} 61. Bc7 {[%emt 0:00:20]} Kg4 {[%emt 0:02:25]} 62. Kf1 {[%emt 0:01:17]} Kf5 {[%emt 0:01:01]} 63. Kg1 {[%emt 0:00:10]} Ke6 {[%emt 0:01:27]} 64. Kf1 {[%emt 0:00:36]} Kd7 {[%emt 0:00:56]} 65. Bb6 {[%emt 0:00:30]} Kc6 {[%emt 0:00:32]} 66. Ba5 {[%emt 0:00:18]} Be4 {[%emt 0:00:24]} 67. Kg1 {[%emt 0:00:21]} Bf3 {[%emt 0:00:25]} 68. Bd8 {[%emt 0:00:31]} Kd5 {[%emt 0:00:59]} 69. Bc7 {[%emt 0:00:06]} Ke4 {[%emt 0:00:24]} 70. Kf1 {[%emt 0:00:39]} Kd3 {[%emt 0:01:01]} 71. Ba5 {[%emt 0:00:22]} Kc4 {[%emt 0:00:50]} 72. Kg1 {[%emt 0:00:05]} Kd5 {[%emt 0:00:43]} 73. Bc7 {[%emt 0:00:08]} Ke6 {[%emt 0:00:09]} 74. Kf1 {[%emt 0:00:07]} Bc6 {[%emt 0:02:03]} 75. Kg1 {[%emt 0:00:09]} Ba8 {[%emt 0:00:30]} 76. Kf1 {[%emt 0:00:07]} Kf5 {[%emt 0:00:04]} 77. Kg1 {[%emt 0:00:05]} Kg4 {[%emt 0:00:02]} 78. Ba5 {[%emt 0:00:45]} Kf3 {[%emt 0:00:21]} 79. Bb6 {[%emt 0:00:23]} Kg4 {[%emt 0:00:52]} 80. Ba5 {[%emt 0:00:14]} Kh3 {[%emt 0:00:04]} 81. Bb6 {[%emt 0:00:17]} Be4 {[%emt 0:00:36]} 82. Ba5 {[%emt 0:00:11]} Kg4 {[%emt 0:00:05]} 83. Bb6 {[%emt 0:00:20]} Kf3 {[%emt 0:00:04]} 84. Ba5 {[%emt 0:00:24]} Bf5 {[%emt 0:00:03]} 85. Bb6 {[%emt 0:00:18]} Bh3 {[%emt 0:00:04]} 86. Ba5 {[%emt 0:00:20]} Ke4 {[%emt 0:00:43]} 87. Bc7 {[%emt 0:00:24]} Kd4 {[%emt 0:00:06]} 88. Kh1 {[%emt 0:00:06]} Ke3 {[%emt 0:00:58]} 89. Kg1 {[%emt 0:00:04]} g2 {[%emt 0:00:13]} 90. Bb6+ {[%emt 0:00:24]} Kf3 {[%emt 0:00:20]} 91. Ba5 {[%emt 0:00:05]} Bc8 {[%emt 0:00:07]} 92. Bb6 {[%emt 0:00:03]} Bb7 {[%emt 0:00:04]} 93. Bc7 {[%emt 0:00:29]} Kg4 {[%emt 0:00:09]} 94. Kf2 {[%emt 0:00:25]} Kf5 {[%emt 0:00:13]} 95. Kg1 {[%emt 0:00:04]} a5 {[%emt 0:00:06]} 96. Bxa5 {[%emt 0:00:04]} Kxe5 {[%emt 0:00:05]} 97. Bb6 {[%emt 0:00:07]} f5 {[%emt 0:00:05]} 98. Ba7 {[%emt 0:00:38]} Kf4 {[%emt 0:00:05]} 99. Bb6 {[%emt 0:00:08]} Kg3 {[%emt 0:00:06]} 100. Ba7 {[%emt 0:00:09]} f4 {[%emt 0:00:08]} 101. Bb6 {[%emt 0:00:06]} f3 {[%emt 0:00:11]} 1/2-1/2

[Event "23rd OIBM 2019"]
[Site "Gmund am Tegernsee"]
[Date "2019.11.01"]
[Round "7.41"]
[White "De Ruijter, Luuk"]
[Black "Kugelmann, Werner"]
[Result "1-0"]
[WhiteElo "2214"]
[BlackElo "2045"]
[Annotator "TA"]
[PlyCount "79"]
[EventDate "2019.10.17"]
[EventType "swiss"]
[EventCountry "GER"]
[SourceTitle "playchess.com"]
[Source "ChessBase"]
[SourceQuality "1"]

{[%evp 29,79,47,81,41,81,34,73,70,100,79,100,112,198,202,188,172,242,216,231,216,227,214,225,231,336,334,348,353,356,339,394,339,326,299,367,352,402,337,342,344,425,281,29970,29971,6537,5900,29978,29979,29984,29983,29983,29980]} 1. d4 Nf6 2. c4 g6 3. Nc3 Bg7 4. e4 d6 5. f3 O-O 6. Bg5 c5 7. d5 a6 8. a4 e6 9. Nge2 h6 10. Be3 exd5 11. cxd5 Nbd7 12. Ng3 h5 13. Be2 Rb8 14. O-O Re8 15. Qd2 Ne5 16. Nh1 {A65: Modern Benoni: 6 e4} (16. Bg5 Qa5 17. f4 Ned7 18. Kh1 Nh7 19. Bh4 Qb4 20. Bxh5 gxh5 21. Nxh5 Ndf6 22. Nxg7 Kxg7 23. Bxf6+ Nxf6 {½-½ (59) Del Rio de Angelis,S (2471)-Perez Mitjans,O (2496) Roquetas de Mar 2013}) 16... Qc7 17. Nf2 Bd7 $146 ({Predecessor:} 17... Qa5 18. Rfc1 Qb4 19. a5 b5 20. axb6 {½-½ (67) Menadue,J (2165)-Sverrisson,N (1919) Penarth 2011}) 18. a5 {White is better.} Bc8 19. Rfc1 b5 20. axb6 $1 {[%mdl 64] Discovered Attack} Qxb6 {[#]} (20... Rxb6 $16 21. Ncd1 Qd7) 21. b4 $1 $18 {[%mdl 512]} Ned7 (21... Qxb4 22. Rab1) 22. bxc5 dxc5 (22... Nxc5 $142 23. Na4 Qb4) 23. Nd3 Qd8 24. Nxc5 Nxc5 25. Bxc5 Nd7 26. Bd4 Ne5 (26... Rb2 $142 27. Qxb2 Bxd4+ 28. Kh1 Be5) 27. f4 ({Weaker is} 27. Bxa6 Bxa6 28. Rxa6 Nxf3+ 29. gxf3 Bxd4+ 30. Kh1 Be5 $14) 27... Ng4 28. Bxg7 Kxg7 29. Qd4+ Kg8 30. Bxg4 hxg4 31. e5 Bf5 32. Rxa6 Rb3 33. Ne4 Bxe4 34. Qxe4 Kg7 35. Rcc6 Qb8 $2 {[#]} (35... Rb7 $18 36. e6 Qh4) 36. Rxg6+ $1 {[%mdl 512]} Kf8 (36... fxg6 37. Rxg6+) 37. Rh6 Rb1+ 38. Kf2 {White mates.} Qb3 39. Rh8+ Ke7 40. Rxe8+ {Accuracy: White = 68%, Black = 18%.} 1-0

[Event "23rd OIBM 2019"]
[Site "Gmund am Tegernsee"]
[Date "2019.11.01"]
[Round "7.42"]
[White "Buchal, Stephan"]
[Black "Juergens, Klaus"]
[Result "1-0"]
[WhiteElo "2274"]
[BlackElo "2121"]
[Annotator "TA"]
[PlyCount "41"]
[EventDate "2019.10.17"]
[EventType "swiss"]
[EventCountry "GER"]
[SourceTitle "playchess.com"]
[Source "ChessBase"]
[SourceQuality "1"]

{[%evp 14,41,20,0,0,0,0,0,20,31,56,58,58,51,57,32,34,17,29,9,29,0,14,4,16,22,16,4,365,351]} 1. Nf3 Nf6 2. c4 g6 3. b3 Bg7 4. Bb2 O-O 5. g3 d6 6. Bg2 Nbd7 7. O-O e5 8. d3 Re8 {A15: English Opening: 1...Nf6} 9. Nbd2 c6 10. Qc2 (10. Ne4 Nxe4 11. dxe4 Nc5 12. Qc2 f5 13. Nd2 f4 14. Rad1 Qe7 15. b4 Ne6 16. Nf3 c5 17. bxc5 Nxc5 18. Rd2 Bd7 19. Ba3 Bc6 20. Bxc5 dxc5 {½-½ (37) Caruana,F (2799)-Grischuk,A (2782) Saint Louis 2017}) 10... Nc5 {The position is equal.} 11. b4 e4 $146 ({Predecessor:} 11... Ne6 12. Nb3 {0-1 (32) Mancebo Marrero,P (2205)-Quesada Chow,I (2131) Havana 2011}) 12. bxc5 {[%cal Rd3e4]} exf3 13. Bxf3 dxc5 14. Nb3 Bh3 15. Rfd1 Qe7 16. Rab1 Rac8 17. Qd2 b6 18. a4 Ng4 19. Bxg7 Kxg7 20. d4 cxd4 $2 {[%mdl 8192] [#]} (20... Red8 $11 {and Black stays safe.}) 21. Bxg4 $1 {Accuracy: White = 41%, Black = 38%.} ({Inferior is} 21. Qxd4+ Ne5 $11) 1-0